Detection of in vivo inflammasome activation for predicting sepsis mortality
Sepsis is a severe life-threatening syndrome caused by dysregulated host responses to infection. Biomarkers that allow for monitoring the patient’s immune status are needed. Recently, a flow cytometry-based detection of in vivo inflammasome activation by formation of cytoplasmic aggregates of ASC (a...
Saved in:
| Main Authors: | , , , , , , , , , |
|---|---|
| Format: | Article (Journal) |
| Language: | English |
| Published: |
04 February 2021
|
| In: |
Frontiers in immunology
Year: 2021, Volume: 11, Pages: 1-11 |
| ISSN: | 1664-3224 |
| DOI: | 10.3389/fimmu.2020.613745 |
| Online Access: | Verlag, kostenfrei, Volltext: https://doi.org/10.3389/fimmu.2020.613745 Verlag, kostenfrei, Volltext: https://www.frontiersin.org/articles/10.3389/fimmu.2020.613745/full |
| Author Notes: | Jing Cui, Stephanie Oehrl, Fareed Ahmad, Thorsten Brenner, Florian Uhle, Christian Nusshag, Christoph Rupp, Felix Funck, Stefan Meisel, Markus A. Weigand, Christian Morath and Knut Schäkel |
MARC
| LEADER | 00000caa a2200000 c 4500 | ||
|---|---|---|---|
| 001 | 1751089568 | ||
| 003 | DE-627 | ||
| 005 | 20230426083846.0 | ||
| 007 | cr uuu---uuuuu | ||
| 008 | 210311s2021 xx |||||o 00| ||eng c | ||
| 024 | 7 | |a 10.3389/fimmu.2020.613745 |2 doi | |
| 035 | |a (DE-627)1751089568 | ||
| 035 | |a (DE-599)KXP1751089568 | ||
| 035 | |a (OCoLC)1264412650 | ||
| 040 | |a DE-627 |b ger |c DE-627 |e rda | ||
| 041 | |a eng | ||
| 084 | |a 33 |2 sdnb | ||
| 100 | 1 | |a Jing, Cui |d 1989- |e VerfasserIn |0 (DE-588)121512872X |0 (DE-627)1726183238 |4 aut | |
| 245 | 1 | 0 | |a Detection of in vivo inflammasome activation for predicting sepsis mortality |c Jing Cui, Stephanie Oehrl, Fareed Ahmad, Thorsten Brenner, Florian Uhle, Christian Nusshag, Christoph Rupp, Felix Funck, Stefan Meisel, Markus A. Weigand, Christian Morath and Knut Schäkel |
| 264 | 1 | |c 04 February 2021 | |
| 300 | |a 11 | ||
| 336 | |a Text |b txt |2 rdacontent | ||
| 337 | |a Computermedien |b c |2 rdamedia | ||
| 338 | |a Online-Ressource |b cr |2 rdacarrier | ||
| 500 | |a Gesehen am 01.12.2021 | ||
| 520 | |a Sepsis is a severe life-threatening syndrome caused by dysregulated host responses to infection. Biomarkers that allow for monitoring the patient’s immune status are needed. Recently, a flow cytometry-based detection of in vivo inflammasome activation by formation of cytoplasmic aggregates of ASC (apoptosis-associated speck-like protein containing a caspase recruitment domain) has been proposed. Here we report on the frequency of ASC-speck+ leukocytes correlating with the survival of sepsis. 25 patients with sepsis were sampled consecutively for 7 days. Blood, serum samples and patient data were collected according to the guidelines of the PredARRT-Sep-Trial. Flow cytometric analysis was performed on fresh whole blood samples to investigate the formation of ASC-specks in leukocyte subsets. Serum samples were analyzed for production of IL-1ß, IL-18 and additional inflammatory markers. ASC-speck formation was found to be increased in leukocytes from sepsis patients compared to healthy donor controls. The absolute number of ASC-speck+ neutrophils peaked on day 1. For monocytes, the highest percentage and maximum absolute number of ASC-speck+ cells were detected on day 6 and day 7. Inflammatory cytokines were elevated on day 1 and declined thereafter, with exception of IL-18. Survival analysis showed that patients with lower absolute numbers of ASC-speck+ monocytes (<1650 cells/ml) on day 6 had a lower probability to survive, with an hazard ratio (HR) of 10.178. Thus, the frequency of ASC-speck+ monocytes on day 6 after onset of sepsis may serve to identify patients at risk of death from sepsis. | ||
| 650 | 4 | |a ASC-speck | |
| 650 | 4 | |a biomarker Running Title | |
| 650 | 4 | |a Inflammasome | |
| 650 | 4 | |a Monocytes | |
| 650 | 4 | |a Sepsis | |
| 700 | 1 | |a Oehrl, Stephanie |e VerfasserIn |0 (DE-588)1162983159 |0 (DE-627)1027082181 |0 (DE-576)507734203 |4 aut | |
| 700 | 1 | |a Ahmad, Fareed |d 1983- |e VerfasserIn |0 (DE-588)1042982325 |0 (DE-627)769918611 |0 (DE-576)394349865 |4 aut | |
| 700 | 1 | |a Brenner, Thorsten |d 1978- |e VerfasserIn |0 (DE-588)130125709 |0 (DE-627)491713363 |0 (DE-576)189360607 |4 aut | |
| 700 | 1 | |a Uhle, Florian |e VerfasserIn |0 (DE-588)106860560X |0 (DE-627)820511730 |0 (DE-576)427922534 |4 aut | |
| 700 | 1 | |a Nußhag, Christian |d 1985- |e VerfasserIn |0 (DE-588)1054789827 |0 (DE-627)792121376 |0 (DE-576)410521280 |4 aut | |
| 700 | 1 | |a Funck, Felix |d 1989- |e VerfasserIn |0 (DE-588)1201372798 |0 (DE-627)1684924294 |4 aut | |
| 700 | 1 | |a Weigand, Markus A. |d 1967- |e VerfasserIn |0 (DE-588)1064970435 |0 (DE-627)815375239 |0 (DE-576)424658666 |4 aut | |
| 700 | 1 | |a Morath, Christian |d 1973- |e VerfasserIn |0 (DE-588)124036155 |0 (DE-627)085595837 |0 (DE-576)293989923 |4 aut | |
| 700 | 1 | |a Schäkel, Knut |e VerfasserIn |0 (DE-588)1032757418 |0 (DE-627)739272896 |0 (DE-576)251064476 |4 aut | |
| 773 | 0 | 8 | |i Enthalten in |t Frontiers in immunology |d Lausanne : Frontiers Media, 2010 |g 11(2021), Artikel-ID 613745, Seite 1-11 |h Online-Ressource |w (DE-627)657998354 |w (DE-600)2606827-8 |w (DE-576)343624834 |x 1664-3224 |7 nnas |a Detection of in vivo inflammasome activation for predicting sepsis mortality |
| 773 | 1 | 8 | |g volume:11 |g year:2021 |g elocationid:613745 |g pages:1-11 |g extent:11 |a Detection of in vivo inflammasome activation for predicting sepsis mortality |
| 856 | 4 | 0 | |u https://doi.org/10.3389/fimmu.2020.613745 |x Verlag |x Resolving-System |z kostenfrei |3 Volltext |
| 856 | 4 | 0 | |u https://www.frontiersin.org/articles/10.3389/fimmu.2020.613745/full |x Verlag |z kostenfrei |3 Volltext |
| 951 | |a AR | ||
| 992 | |a 20210311 | ||
| 993 | |a Article | ||
| 994 | |a 2021 | ||
| 998 | |g 1032757418 |a Schäkel, Knut |m 1032757418:Schäkel, Knut |d 910000 |d 911300 |e 910000PS1032757418 |e 911300PS1032757418 |k 0/910000/ |k 1/910000/911300/ |p 12 |y j | ||
| 998 | |g 124036155 |a Morath, Christian |m 124036155:Morath, Christian |d 50000 |e 50000PM124036155 |k 0/50000/ |p 11 | ||
| 998 | |g 1064970435 |a Weigand, Markus A. |m 1064970435:Weigand, Markus A. |d 910000 |d 910300 |e 910000PW1064970435 |e 910300PW1064970435 |k 0/910000/ |k 1/910000/910300/ |p 10 | ||
| 998 | |g 1201372798 |a Funck, Felix |m 1201372798:Funck, Felix |d 910000 |d 950000 |d 950950 |e 910000PF1201372798 |e 950000PF1201372798 |e 950950PF1201372798 |k 0/910000/ |k 1/910000/950000/ |k 2/910000/950000/950950/ |p 8 | ||
| 998 | |g 1054789827 |a Nußhag, Christian |m 1054789827:Nußhag, Christian |d 910000 |d 950000 |d 950950 |e 910000PN1054789827 |e 950000PN1054789827 |e 950950PN1054789827 |k 0/910000/ |k 1/910000/950000/ |k 2/910000/950000/950950/ |p 6 | ||
| 998 | |g 106860560X |a Uhle, Florian |m 106860560X:Uhle, Florian |d 910000 |d 910300 |e 910000PU106860560X |e 910300PU106860560X |k 0/910000/ |k 1/910000/910300/ |p 5 | ||
| 998 | |g 130125709 |a Brenner, Thorsten |m 130125709:Brenner, Thorsten |d 50000 |e 50000PB130125709 |k 0/50000/ |p 4 | ||
| 998 | |g 1042982325 |a Ahmad, Fareed |m 1042982325:Ahmad, Fareed |d 910000 |d 950000 |d 950950 |e 910000PA1042982325 |e 950000PA1042982325 |e 950950PA1042982325 |k 0/910000/ |k 1/910000/950000/ |k 2/910000/950000/950950/ |p 3 | ||
| 998 | |g 1162983159 |a Oehrl, Stephanie |m 1162983159:Oehrl, Stephanie |d 50000 |e 50000PO1162983159 |k 0/50000/ |p 2 | ||
| 998 | |g 121512872X |a Jing, Cui |m 121512872X:Jing, Cui |d 910000 |d 950000 |d 950950 |e 910000PJ121512872X |e 950000PJ121512872X |e 950950PJ121512872X |k 0/910000/ |k 1/910000/950000/ |k 2/910000/950000/950950/ |p 1 |x j | ||
| 999 | |a KXP-PPN1751089568 |e 3884710370 | ||
| BIB | |a Y | ||
| SER | |a journal | ||
| JSO | |a {"id":{"doi":["10.3389/fimmu.2020.613745"],"eki":["1751089568"]},"relHost":[{"physDesc":[{"extent":"Online-Ressource"}],"type":{"media":"Online-Ressource","bibl":"periodical"},"language":["eng"],"id":{"issn":["1664-3224"],"zdb":["2606827-8"],"eki":["657998354"]},"title":[{"title_sort":"Frontiers in immunology","title":"Frontiers in immunology"}],"note":["Gesehen am 07.11.13"],"part":{"text":"11(2021), Artikel-ID 613745, Seite 1-11","pages":"1-11","extent":"11","year":"2021","volume":"11"},"origin":[{"publisherPlace":"Lausanne","publisher":"Frontiers Media","dateIssuedDisp":"2010-","dateIssuedKey":"2010"}],"recId":"657998354","disp":"Detection of in vivo inflammasome activation for predicting sepsis mortalityFrontiers in immunology","pubHistory":["1.2010 -"]}],"title":[{"title":"Detection of in vivo inflammasome activation for predicting sepsis mortality","title_sort":"Detection of in vivo inflammasome activation for predicting sepsis mortality"}],"note":["Gesehen am 01.12.2021"],"language":["eng"],"type":{"media":"Online-Ressource","bibl":"article-journal"},"name":{"displayForm":["Jing Cui, Stephanie Oehrl, Fareed Ahmad, Thorsten Brenner, Florian Uhle, Christian Nusshag, Christoph Rupp, Felix Funck, Stefan Meisel, Markus A. Weigand, Christian Morath and Knut Schäkel"]},"person":[{"role":"aut","display":"Jing, Cui","given":"Cui","family":"Jing"},{"family":"Oehrl","display":"Oehrl, Stephanie","given":"Stephanie","role":"aut"},{"role":"aut","given":"Fareed","display":"Ahmad, Fareed","family":"Ahmad"},{"display":"Brenner, Thorsten","given":"Thorsten","family":"Brenner","role":"aut"},{"role":"aut","family":"Uhle","given":"Florian","display":"Uhle, Florian"},{"given":"Christian","display":"Nußhag, Christian","family":"Nußhag","role":"aut"},{"family":"Funck","given":"Felix","display":"Funck, Felix","role":"aut"},{"role":"aut","family":"Weigand","display":"Weigand, Markus A.","given":"Markus A."},{"role":"aut","family":"Morath","given":"Christian","display":"Morath, Christian"},{"role":"aut","display":"Schäkel, Knut","given":"Knut","family":"Schäkel"}],"origin":[{"dateIssuedDisp":"04 February 2021","dateIssuedKey":"2021"}],"recId":"1751089568","physDesc":[{"extent":"11 S."}]} | ||
| SRT | |a JINGCUIOEHDETECTIONO0420 | ||